TB. OF NEUROANATOMY WITH CLINICAL OREETATION (Record no. 1379)

MARC details
000 -LEADER
fixed length control field 00359nam a2200145Ia 4500
008 - FIXED-LENGTH DATA ELEMENTS--GENERAL INFORMATION
fixed length control field 150201s2011 xx 000 0 und d
082 ## - DEWEY DECIMAL CLASSIFICATION NUMBER
Classification number 611.81
Item number N11G
100 ## - MAIN ENTRY--PERSONAL NAME
Personal name GARG, KRISHNA
245 ## - TITLE STATEMENT
Title TB. OF NEUROANATOMY WITH CLINICAL OREETATION
250 ## - EDITION STATEMENT
Edition statement 1ST
260 ## - PUBLICATION, DISTRIBUTION, ETC. (IMPRINT)
Name of publisher, distributor, etc. CBS
Place of publication, distribution, etc. DELHI
Date of publication, distribution, etc. 2011
300 ## - PHYSICAL DESCRIPTION
Extent 1-320
650 ## - SUBJECT ADDED ENTRY--TOPICAL TERM
Topical term or geographic name as entry element HUMAN ANATOMY
942 ## - ADDED ENTRY ELEMENTS (KOHA)
Source of classification or shelving scheme Dewey Decimal Classification
Koha item type Books
Koha issues (borrowed), all copies 10
Holdings
Withdrawn status Lost status Source of classification or shelving scheme Damaged status Not for loan Collection code Home library Current library Shelving location Date acquired Source of acquisition Cost, normal purchase price SGTU Bill Number Total Checkouts Full call number Barcode Date last seen Date last checked out Bill Date Koha item type
    Dewey Decimal Classification     MEDICAL SGT Medical Library SGT Medical Library Text Book 13/10/2012 ABC DELHI 350.00 SGTU 2832 6 611.81 N11G FM5032 15/12/2023 02/12/2023 03/11/2012 Books
    Dewey Decimal Classification     MEDICAL SGT Medical Library SGT Medical Library Text Book 13/10/2012 ABC DELHI 350.00 SGTU 2832 3 611.81 N11G FM5033 07/11/2023 21/10/2023 03/11/2012 Books
    Dewey Decimal Classification     MEDICAL SGT Medical Library SGT Medical Library Text Book 13/10/2012 ABC DELHI 350.00 SGTU 2832 5 611.81 N11G FM5034 15/07/2022 04/07/2022 03/11/2012 Books